01043 2200361 4500001002100000005001500021035002000036007000300056008004100059020002200100082001700122084001900139100002500158245004900183300003700232650003500269700002200304504003100326264004100357336002100398337003000419338002300449040002200472090002300494090002300517090002200540090002300562850001200585999002200597990002200619990002000641990002000661INLIS00000000085620420250423015717 a0010-0720000417ta200713s2019 yoic g | ind d a978-623-7654-00-104223a899.2221 a899.2221 MUD k0 aMudjijonoePengarang10aKejung Bangkalan Madura /cMudjijono, Suyami avii, 91 halaman :bfoto ;c23 cm 4aKesusastraan Madura--xTembang0 aSuyamiePengarang aBibliografi: halaman 87-9031aYogyakarta :bBPNB Yogyakarta,c2019 2rdacontentateks 2rdamediaatanpa perantara 2rdacarrieravolume aYOPDYOGbinderda aDEP 899.2221 MUD k aCOE 899.2221 MUD k aCB-D.11 2019-2955 aNUS 899.2221 MUD k aYOPDYOG aCB-D.11/2019-2955 aCB-D.11/2019-2955 a66586-PD/A.2020 a73337-PD/A.2025